Koksovanie pri pyrolýze uhľovodíkov

Gespeichert in:
Bibliographische Detailangaben
1. Verfasser: Mirt, Martin (Verfasst von)
Format: Manuskript Buch
Sprache:Slowakisch
Veröffentlicht: Bratislava : STU v Bratislave ChtF, 1999
Ausgabe:Obháj.: 7.6.1999
Tags: Tag hinzufügen
Keine Tags, Fügen Sie das erste Tag hinzu!

MARC

LEADER 00000ntm a22000003a 4500
001 stu49939
005 20150617225708.0
008 990616s1999------------------------slo-d
040 |a STU  |b slo 
041 0 |a slo 
100 1 |a Mirt, Martin  |4 aut 
245 1 |a Koksovanie pri pyrolýze uhľovodíkov 
250 |a Obháj.: 7.6.1999 
260 |a Bratislava :  |b STU v Bratislave ChtF,  |c 1999 
300 |a 57 s 
500 |a Tab.,grafy,lit.Zameranie: Technol.palív a petrochémia 
996 |b 284C008359  |c C*D12714  |l CCI  |s A  |a 24  |w stu49939_0001